000 01814cam a2200517 4500
999 _c24141
_d24141
001 vtls012145135
005 20260218100845.0
008 220801s2022 xo aoc grh 011 0aslo
020 _a9788022212014
_q(viazané)
040 _aZKSE
_bslo
_cZKSE
_dSNK
_erda
041 1 _aslo
_heng
044 _axo
_cSK
072 7 _a32
_xPolitika
_2konspekt
072 7 _a929
_xBiografie
_2konspekt
080 _a32-051
_22011
080 _a929
_22011
080 _a328/329
_22011
080 _a(73)
_22011
080 _a(092)
_22011
100 1 _aObama, Barack,
_d1961-
_4aut
_95416
240 1 2 _aA Promised land
_lSlovensky
245 1 0 _aZasľúbená zem
_cBarack Obama ; z anglického originálu A Promised land ... preložili Katka Gabriš, Otakar Kořínek
250 _aVydanie I.
264 1 _aBratislava
_bTatran
_c2022
300 _a719 strán, 32 nečíslovaných strán obrazových príloh
_bfotografie, ilustrácie, portréty
_c24 cm
336 _atext
_btxt
_2rdacontent
337 _abez média
_bn
_2rdamedia
338 _azväzok
_bnc
_2rdacarrier
490 1 _aLUK - Knižnica svetových bestsellerov
_v185. zväzok
600 1 7 _aObama, Barack,
_d1961-
_2SNKMA
_95416
650 0 7 _aprezidenti
_2SNKPH
_92572
650 0 7 _aPresidents
_2SNKPHeng
_92573
650 0 7 _apolitici
_2SNKPH
_92565
650 0 7 _aPoliticians
_2SNKPHeng
_92567
651 7 _aSpojené štáty americké
_xpolitika a vláda
_2SNKPHgeo
_95417
651 7 _aUnited States
_xpolitics and government
_2SNKPHeng
_95418
655 7 _aautobiografie
_2SNKPH
_91792
655 7 _aAutobiography
_2SNKPHeng
_91793
700 1 _aGabriš, Katarína
_4trl
_95419
700 1 _aKořínek, Otakar,
_d1946-2025
_4trl
_95413
958 _aOP
958 _aBC
958 _aNB
958 _aUS